MESTSKÁ KNIŽNICA GIRALTOVCE  - online katalóg 

Pani riek (Record no. 23390)

000 -NÁVESTIE
fixed length control field 01716cam a2200493 4500
001 - EVIDENČNÉ ČÍSLO ZÁZNAMU - Kontrolné číslo
control field vtls011988332
005 - DÁTUM A ČAS POSLEDNEJ TRANSAKCIE
control field 20221006121341.0
008 - ÚDAJE S PEVNOU DĹŽKOU – VŠEOBECNÉ INFORMÁCIE
fixed length control field 220509s2020 xo grn 010 f slo
020 ## - MEDZINÁRODNÉ ŠTANDARDNÉ ČÍSLO KNIHY (ISBN)
Medzinárodné štandardné číslo knihy (ISBN) 9788055641348
Qualifying information (viazané)
035 ## - Iný štandardný identifikátor
Iný štandardný identifikátor urn:nbn:sk:snk-am00gm8l
035 ## - Iný štandardný identifikátor
Iný štandardný identifikátor urn:nbn:sk:snk-am3j7al
035 ## - Iný štandardný identifikátor
Iný štandardný identifikátor CB57326C-B2A4-4E46-991F-FA7BBB6AEA06
040 ## - ZDROJ KATALOGIZÁCIE
Pôvodná katalogizujúca agentúra SNK
Jazyk katalogizácie slo
Prepisujúca agentúra SNK
041 1# - KÓD JAZYKA
Kód jazyka textu/zvukovej stopy alebo samostatných nápisov slo
Kód jazyka originálu a/alebo sprostredkujúcich prekladov textu eng
044 ## - KÓD KRAJINY VYDAVATEĽA/PRODUCENTA
Kód krajiny MARC xo
Kód krajiny ISO SK
072 #7 - KÓD PREDMETOVEJ KATEGÓRIE
Kód predmetovej kategórie 821.111-3
Pododdiel kódu predmetovej kategórie Anglická próza, anglicky písaná
Zdroj konspekt
080 ## - ČÍSLO MEDZINÁRODNÉHO DESATINNÉHO TRIEDENIA (MDT)
Číslo Medzinárodného desatinného triedenia (MDT) 821.111-3
Identifikátor vydania 2011
080 ## - ČÍSLO MEDZINÁRODNÉHO DESATINNÉHO TRIEDENIA (MDT)
Číslo Medzinárodného desatinného triedenia (MDT) (0:82-311.6)
Identifikátor vydania 2011
080 ## - ČÍSLO MEDZINÁRODNÉHO DESATINNÉHO TRIEDENIA (MDT)
Číslo Medzinárodného desatinného triedenia (MDT) (410.1)
Identifikátor vydania 2011
100 1# - OSOBNÉ MENÁ – VŠEOBECNÉ INFORMÁCIE
Osobné meno Gregory, Philippa,
Dátumy súvisiace s menom 1954-
Kód roly aut
-- 3578
240 10 - UNIFIKOVANÝ NÁZOV
Unifikovaný názov Lady of the Rivers
Jazyk diela Slovensky
245 10 - NÁZOV
Názov Pani riek
Údaj o zodpovednosti atď. Philippa Gregory ; z anglického originálu Lady of the Rivers ... preložil Štefan Greňa
246 1# - INÁ FORMA NÁZVU
Zobrazovaný text Obálkový podnázov:
Hlavný názov/skrátený názov Historický román z obdobia vojny ruží
264 #1 - VYDAVATEĽSKÉ ÚDAJE, DISTRIBÚCIA ATĎ. - RDA
Miesto publikovania, distribúcie atď. Bratislava
Názov vydavateľa, distibútora atď. Slovart
Dátum publikovania, distribúcie atď. 2020
300 ## - FYZICKÝ POPIS
Rozsah 453 strán
Rozmery 24 cm
336 ## - TYP OBSAHU
Typ obsahu - termín text
Typ obsahu - kód txt
Zdroj rdacontent
337 ## - TYP MÉDIA
Typ média - termín bez média
Typ média - kód n
Zdroj rdamedia
338 ## - TYP NOSIČA
Typ nosiča - termín zväzok
Typ nosiča - kód nc
Zdroj rdacarrier
500 ## - VŠEOBECNÁ POZNÁMKA
Formátovaná poznámka o obsahu Obsahuje biografické údaje o autorke na záložke prebalu publikácie
500 ## - VŠEOBECNÁ POZNÁMKA
Formátovaná poznámka o obsahu Preložené z angličtiny
500 ## - VŠEOBECNÁ POZNÁMKA
Formátovaná poznámka o obsahu Názov série z externého zdroja
648 #7 - PRIDANÝ VSTUP – PREDMET – CHRONOLOGICKÝ TERMÍN
Chronologický termín 15. storočie
Zdroj hesla alebo termínu SNKPH
-- 3579
648 #7 - PRIDANÝ VSTUP – PREDMET – CHRONOLOGICKÝ TERMÍN
Chronologický termín 15th century
Zdroj hesla alebo termínu SNKPHeng
-- 3580
651 #7 - PRIDANÝ VSTUP – PREDMET – GEOGRAFICKÝ NÁZOV
Geografický názov Anglicko
Zdroj hesla alebo termínu SNKPHgeo
-- 3581
651 #7 - PRIDANÝ VSTUP – PREDMET – GEOGRAFICKÝ NÁZOV
Geografický názov England
Zdroj hesla alebo termínu SNKPHeng
-- 3582
655 #7 - INDEXAČNÝ TERMÍN – ŽÁNER/FORMA
Údaje o žánri/forme alebo termín, ktorý je prvok fazety anglické romány
Zdroj termínu SNKPH
-- 8
655 #7 - INDEXAČNÝ TERMÍN – ŽÁNER/FORMA
Údaje o žánri/forme alebo termín, ktorý je prvok fazety historické romány
Zdroj termínu SNKPH
-- 1688
655 #7 - INDEXAČNÝ TERMÍN – ŽÁNER/FORMA
Údaje o žánri/forme alebo termín, ktorý je prvok fazety English fiction
Zdroj termínu SNKPHeng
-- 9
655 #7 - INDEXAČNÝ TERMÍN – ŽÁNER/FORMA
Údaje o žánri/forme alebo termín, ktorý je prvok fazety Historical novels
Zdroj termínu SNKPHeng
-- 1689
700 1# - PRIDANÝ VSTUP – OSOBNÉ MENO
Osobné meno Greňa, Štefan
Kód roly trl
-- 3583
958 ## - Formálny deskriptor
Formálny deskriptor LX
958 ## - Formálny deskriptor
Formálny deskriptor UP
958 ## - Formálny deskriptor
Formálny deskriptor NB
Holdings
Stav stiahnutia (Blokovanie) (Withrawn status) Stav straty Zdroj klasifikácie pre skladovanie Stav poškodenia (Damaged status) Nie pre výpožičky (Not for loan) Spôsob nadobudnutia (Collection code) Trvalé umiestnenie Aktuálne umiestnenie Dátum nadobudnutia Náklady, bežná kúpna cena Inventárne číslo (prírastkové číslo) Celkom výpožičky Full call number Čiarový kód Vypožičaných Dátum posledného výskytu Dátum poslednej výpôžičky Cena s účinnosťou od Typ jednotky Koha
          Kúpa Mestská knižnica Giraltovce Mestská knižnica Giraltovce 2022-10-06 11.00 21723 5 B10534 B10534 2024-09-20 2024-08-21 2024-08-21 2022-10-06 Krásna literatúra pre dospelých

Powered by Koha